| 000 | 00388nam a22001337a 4500 | ||
|---|---|---|---|
| 008 | 250417b |||||||| |||| 00| 0 eng d | ||
| 020 | _a9782458953 | ||
| 050 |
_aJF 1525 _b.A58 |
||
| 100 | _aAjulo Babalola Sunday | ||
| 245 | _aThe Office of the Secretary to the Government of the Federal Republic of Nigeria | ||
| 260 |
_aAbuja _bVantage Publishers _c1998 |
||
| 300 | _a164p. | ||
| 942 | _cBK | ||
| 999 |
_c3053 _d3053 |
||